000 00277nam a22001337a 4500
008 170420b xxu||||| |||| 00| 0 eng d
020 _a9780201864403
041 _aeng
080 _a573
100 _a11
101 _aSHM
245 _aBILOGY
_cESSENFELD.B
942 _2udc
_cBK
999 _c11373
_d11373